[Event "Ludwigshafen-ch 12th"]
[Site "Ludwigshafen"]
[Date "1998.??.??"]
[Round "4"]
[White "Froehlich, Patrick"]
[Black "Ahrens, Eva"]
[Result "0-1"]
[WhiteElo "1721"]
[BlackElo "1492"]
[PlyCount "120"]
[EventDate "1998.??.??"]
[EventType "swiss"]
[EventRounds "7"]
[EventCountry "GER"]
[SourceTitle "EXT 2001"]
[Source "ChessBase"]
[SourceDate "2000.11.22"]
[SourceVersion "1"]
[SourceVersionDate "2000.11.22"]
[SourceQuality "1"]

1. e4 e5 2. Nf3 Nf6 3. d3 Nc6 4. g3 Bc5 5. Bg2 0-0 6. 0-0 h6 7. Nxe5 Nxe5 8. d4 Bxd4 9. Qxd4 d6 10. Nc3 Be6 11. Nd5 Nxd5 12. exd5 Bf5 13. f4 Ng6 14. c4 Re8 15. Bd2 Qd7 16. Bc3 f6 17. Rfe1 Re7 18. Rxe7 Nxe7 19. Re1 a6 20. Kf2 Re8 21. Be4 Kf7 22. Qd3 Bxe4 23. Qxe4 c6 24. dxc6 bxc6 25. Kf3 d5 26. cxd5 Nxd5 27. Qxe8+ Qxe8 28. Rxe8 Kxe8 29. Kg4 g6 30. Ba5 Ke7 31. Kf3 Ke6 32. Ke4 c5 33. h3 f5+ 34. Kd3 Nf6 35. Kc4 Kd6 36. Be1 Ne4 37. b4 Kc6 38. a3 Nd6+ 39. Kd3 Ne4 40. g4 Kd5 41. bxc5 Nxc5+ 42. Ke3 Kc4 43. Bb4 Ne6 44. gxf5 gxf5 45. Kf3 Kd3 46. Kg3 Ke4 47. Bd6 h5 48. h4 a5 49. Bb8 a4 50. Bd6 Nd4 51. Kf2 Kd3 52. Be7 Ke4 53. Bf6 Nb5 54. Bb2 Kxf4 55. Bc1+ Kg4 56. Ke2 f4 57. Kd3 f3 58. Be3 Nxa3 59. Kc3 Kg3 60. Kb4 Nc2+ 0-1